000
00242nam a2200109Ia 4500
008
190216s9999||||xx |||||||||||||| ||und||
100
_a
Null
245
0
_a
Hindi-Sandharmem
260
_b
Kranthikanth Prakashan
650
_a
Hindi
942
_c
BK
999
_c
15288
_d
15288